最深積雪ランキング - Statistics

General Stats
  • This quiz has been taken 56 times
  • The average score is 15 of 20
Answer Stats
順位 都道府県 地点 観測値 % Correct
2 青森県 酸ケ湯 566 2013年2月26日
94%
3 新潟県 守門 463 ] 1981年2月9日
94%
5 新潟県 津南 419 2022年2月24日
94%
6 新潟県 十日町 391 ] 1981年2月28日
94%
7 新潟県 高田 377 1945年2月26日
94%
8 新潟県 小出 363 ] 1981年2月28日
94%
9 新潟県 関山 362 1984年3月1日
94%
10 新潟県 湯沢 358 2006年1月28日
94%
11 長野県 野沢温泉 353 1984年3月22日
94%
12 新潟県 安塚 350 1984年3月8日
94%
20 新潟県 能生 309 1985年1月30日
94%
1 滋賀県 伊吹山 1182 1927年2月14日
84%
16 静岡県 富士山 338 1989年4月27日
84%
14 福島県 只見 341 2013年2月25日
82%
15 福島県 桧枝岐 339 2015年2月15日
82%
4 山形県 肘折 445 2018年2月13日
78%
13 山形県 大井沢 348 2000年3月1日
78%
17 北海道 上川地方 幌加内 324 2018年2月25日
0%
18 北海道 後志地方 倶知安 312 1970年3月25日
0%
19 北海道 上川地方 朱鞠内 311 1982年3月10日
0%
No matching quizzes found
Score Distribution
Percent of People with Each Score
Percentile by Number Answered
Your Score History
You have not taken this quiz